|
|
|
|
| LEADER |
01282nam a22003492a 4500 |
| 001 |
000804052 |
| 003 |
CZ BrMZK |
| 005 |
20060104104845.0 |
| 007 |
ta |
| 008 |
060104s1966 xr er|||||||||||cze d |
| 040 |
|
|
|a ABA001
|b cze
|c HKA001
|d ABA001
|
| 041 |
0 |
|
|a cze
|b ger
|
| 100 |
1 |
|
|a Šolle, Miloš,
|d 1916-2004
|7 jk01130729
|4 aut
|
| 245 |
1 |
0 |
|a Stará Kouřim a projevy velkomoravské hmotné kultury v Čechách /
|c Miloš Šolle ; snímky, kresby a pl.: [kol.]
|
| 250 |
|
|
|a 1. vyd.
|
| 260 |
|
|
|a Praha :
|b Academia,
|c 1966
|f (KNT 1)
|
| 300 |
|
|
|a 333, [1] s. :
|b [60] s. fot. příl. [2] s. pl. ;
|c 4°
|
| 490 |
1 |
|
|a Monumenta archaeologica ;
|v Sv. 15
|
| 500 |
|
|
|a Pozn.
|
| 504 |
|
|
|a Bibliografie na s. 289-296
|
| 546 |
|
|
|a Německé resumé
|
| 500 |
|
|
|a Zkr.
|
| 500 |
|
|
|a Obálka a vazba: Jaroslav Krouz
|
| 500 |
|
|
|a 2000 výt.
|
| 500 |
|
|
|a Z Archeologického úst. ČSAV
|
| 500 |
|
|
|a Kap. Antropologický příspěvek o obyvatelích Staré Kouřimě naps. Jaromír Chochol
|
| 500 |
|
|
|a Jmenný a věcný rejstřík
|
| 830 |
|
0 |
|a Monumenta archaeologica
|0 s
|
| 910 |
|
|
|a BOA001
|b PK-N-0009.282
|
| 964 |
|
|
|a Stará Kouřim - nálezy archeologické
|
| 990 |
|
|
|a BK
|
| 996 |
7 |
|
|b 3119649860
|c PK-N-0009.282
|l MZK
|r Sklad / do 1 hodiny
|n 19
|w 000804052
|u 000010
|a 1
|e BOA001
|j MZK50
|s A
|